Η νεωτερικότητα σήμερα : οικονομία, κοινωνία, πολιτική, πολιτισμός

Αποθηκεύτηκε σε:
Λεπτομέρειες βιβλιογραφικής εγγραφής
Άλλοι συγγραφείς: Hall, Stuart, 1932-2014 (Επιμελητής έκδοσης), Held, David (Επιμελητής έκδοσης), McGrew, Anthony G. (Επιμελητής έκδοσης)
Μορφή: Βιβλίο
Γλώσσα:Greek
English
Δημοσίευση: Αθήνα : Σαββάλας, c2003.
Σειρά:Κοινωνικές επιστήμες (Σαββάλας)
Θέματα:
Ετικέτες: Προσθήκη ετικέτας
Δεν υπάρχουν, Καταχωρήστε ετικέτα πρώτοι!

MARC

LEADER 00000cam a2200000 i 4500
001 1/67568
008 041203s2003 gr | ||| |||| ||gre||
020 |a 9604608991 
035 |l 10075612 
040 |a GR-MyUa  |b gre  |e AACR2 
041 1 |a gre  |h eng 
082 7 |a 303.4   |2 (21)  
245 0 2 |a Η νεωτερικότητα σήμερα :   |b οικονομία, κοινωνία, πολιτική, πολιτισμός /   |c Stuart Hall, David Held, Anthony McGrew ; μετάφραση Θανάσης Τσακίρης, Βίκτωρας Τσακίρης.  
260 |a Αθήνα :   |b Σαββάλας,   |c c2003.  
300 |a 576 σ. ;   |c 24 εκ.  
490 1 |a (Κοινωνικές επιστήμες =   |a Social sciences / Σαββάλας)  
500 |a Το παράρτημα Σύρου έχει την 4η επανέκδοση του 2010.  
504 |a Περιέχει βιβλιογραφικές παραπομπές και ευρετήριο.  
650 0 |a Social change. 
650 0 |a Social history. 
650 0 |a Social evolution. 
650 0 |a Postmodernism. 
650 0 |a Civilization, Modern  |y 20th century. 
700 1 |a Hall, Stuart,   |d 1932-2014,  |e edt 
700 1 |a Held, David,  |e edt 
700 1 |a McGrew, Anthony G.  |e edt 
765 0 8 |i Μετάφραση του:   |t Modernity and its futures /  
830 0 |a Κοινωνικές επιστήμες (Σαββάλας) 
852 |a INST  |b CHIOS  |e 20131121  |h 303.4 ΝΕΩ  |p 005200037098  |q 005200037098  |t BK  |y 0 
852 |a INST  |b LESVOS  |e 20050518  |h 303.4 ΝΕΩ  |p 005100027691  |q 005100027691  |t BK  |y 0 
852 |a INST  |b LESVOS  |e 20110711  |h 303.4 ΝΕΩ  |p 005100050168  |q 005100050168  |t BK  |y 0 
852 |a INST  |b LESVOS  |e 20110711  |h 303.4 ΝΕΩ  |p 005100050169  |q 005100050169  |t BK  |y 4  |x 20180614 
852 |a INST  |b LESVOS  |e 20110711  |h 303.4 ΝΕΩ  |p 005100050170  |q 005100050170  |t BK  |y 0 
852 |a INST  |b LESVOS  |e 20160601  |h 303.4 ΝΕΩ  |p 005100057645  |q 005100057645  |t BK  |y 0 
852 |a INST  |b LESVOS  |e 20160708  |h 303.4 ΝΕΩ  |p 005100058111  |q 005100058111  |t BK  |y 0 
852 |a INST  |b LESVOS  |e 20160530  |h 303.4 ΝΕΩ  |p 005100058578  |q 005100058578  |t BK  |y 0 
852 |a INST  |b LESVOS  |e 20160530  |h 303.4 ΝΕΩ  |p 005100058579  |q 005100058579  |t BK  |y 0 
852 |a INST  |b RHODES  |e 20041209  |h 303.4 ΝΕΩ  |p 005400018050  |q 005400018050  |t BK  |y 0 
852 |a INST  |b SAMOS  |e 20041203  |h 303.4 ΝΕΩ  |p 005300025477  |q 005300025477  |t BK  |y 0 
852 |a INST  |b SAMOS  |e 20041203  |h 303.4 ΝΕΩ  |p 005300025478  |q 005300025478  |t BK  |y 0 
852 |a INST  |b SAMOS  |e 20041203  |h 303.4 ΝΕΩ  |p 005300025479  |q 005300025479  |t BK  |y 0 
852 |a INST  |b SAMOS  |e 20041203  |h 303.4 ΝΕΩ  |p 005300025480  |q 005300025480  |t BK  |y 0 
852 |a INST  |b SAMOS  |e 20041203  |h 303.4 ΝΕΩ  |p 005300025481  |q 005300025481  |t BK  |y 23 
852 |a INST  |b SAMOS  |e 20070530  |h 303.4 ΝΕΩ  |p 005300026339  |q 005300026339  |t BK  |y 0 
852 |a INST  |b SAMOS  |e 20070530  |h 303.4 ΝΕΩ  |p 005300026340  |q 005300026340  |t BK  |y 0 
852 |a INST  |b SAMOS  |e 20070530  |h 303.4 ΝΕΩ  |p 005300026341  |q 005300026341  |t BK  |y 0 
852 |a INST  |b SAMOS  |e 20070530  |h 303.4 ΝΕΩ  |p 005300026342  |q 005300026342  |t BK  |y 0 
852 |a INST  |b SAMOS  |e 20070530  |h 303.4 ΝΕΩ  |p 005300026343  |q 005300026343  |t BK  |y 0 
852 |a INST  |b SYROS  |c EUDOXUS  |e 20170223  |h 303.4 ΝΕΩ  |p 005500012921  |q 005500012921  |t EDX  |y 4  |x 20200721 
901 |a BIBL3-2004-3 
901 |a BIBL1-2011-2 
901 |a BIBL4-2005-1 
901 |a BIBL2-2013-3 
920 |b ΕΠΕΑΕΚ Κοινωνικής Ανθρωπολογίας και Ιστορίας  |y Λέσβος  |z 2005-04 
920 |a Δωρεά φοιτήτριας  |y Λέσβος  |z 2016-05 
920 |a Εύδοξος  |b Επιστροφή  |y Σύρος-ΤΜΣΠΣ  |z 2017-01 
922 |a 4ΕΛΗ  |b 200412  |c Βιβλιοθήκη  |d Δέντρο 
950 |a 094 
970 |a Πουρνάρας  |b Δημήτρης  |z 03/12/2004